000 00263 a2200121 4500
001 63758
082 _a823.1 LEW
090 _c37736
_d37736
100 _aLewis
245 _aSilver chair
_hEnglish
260 _aLondon
_bHarper Collinns
_c1997
300 _a270p.
942 _aNUST-CAE
_k823.1 LEW
999 _c298831
_d298831